| 000 | 00558nam a2200169Ia 4500 | ||
|---|---|---|---|
| 008 | 090201s9999 xx 000 0 und d | ||
| 010 | _aKPL-46320 | ||
| 040 | _bमराठी | ||
| 041 | _aमराठी | ||
| 082 |
_a50599 _b46320 |
||
| 100 | _aशांता निसळ | ||
| 245 |
_aस्वर एका स्वाराचा _cशांता निसळ |
||
| 260 |
_c2006 _bअनिरुध्द प्रकाशन |
||
| 300 |
_a183 _bमोठा |
||
| 600 | _aस्वर एका स्वाराचा | ||
| 942 | _cBOOK | ||
| 999 |
_c247128 _d247128 |
||